Partnerstvo medzi verejným a súkromným sektorom na komunálnej úrovni

Gespeichert in:
Bibliographische Detailangaben
1. Verfasser: Neubauerová, Erika, 1968-
Format: Buchkapitel
Sprache:Slowakisch
Tags: Tag hinzufügen
Keine Tags, Fügen Sie das erste Tag hinzu!

MARC

LEADER 00000naa$a2200000$$$4500
001 0098169
005 20240502072102.4
041 0 |a slo 
044 |a SK 
245 1 0 |a Partnerstvo medzi verejným a súkromným sektorom na komunálnej úrovni  |c Erika Neubauerová 
100 1 |a Neubauerová, Erika, 1968-